00529nam a22001697a 4500020001800000040000900018082001400027100002400041110004500065245002800110250001700138260004200155650002800197942001200225999001900237952010300256 a9789332500334 cNUST a658.3 ROB aRobbins, Stephen P. aJudge, Timothy A. Vohra, Neharika991913 aOrganizational Behavior a15th Edition aNew Delhi:bPearson Education,c2014. aOrganizational Behavior 2ddccBK c590030d590030 00102ddc4070aCEMEbCEMEcGENd2022-05-27l0o658.3 ROBpCEME-47906r2022-05-27w2022-05-27yBK